00290nam a2200121Ia 45000030006000000080041000060400015000471000027000622450041000892600009001305460012001390050017001510STCL150530s9999 xx 000 0 und d aSTCLcSTCL aRamasubrahmanyam, K.V, aEvolution of the Indian Constitution c1935 aEnglish20220125165718.0